[Event "Montevideo Duchamp Cup 7th"]
[Site "Montevideo"]
[Date "2024.02.07"]
[Round "7"]
[White "Pelaez, Diego"]
[Black "Chamlian, Aram"]
[Result "1-0"]
[WhiteElo "1582"]
[BlackElo "1727"]
[PlyCount "121"]
[EventDate "2024.02.01"]
[EventType "swiss"]
[EventRounds "9"]
[EventCountry "URU"]
[SourceTitle "CB07_2024"]
[SourceDate "2024.02.14"]
[SourceVersion "1"]
[SourceVersionDate "2024.02.14"]
[SourceQuality "1"]

1. d4 d5 2. c4 e6 3. Nc3 Nf6 4. cxd5 exd5 5. Bg5 Be7 6. e3 Bf5 7. Bxf6 Bxf6 8. Qb3 c6 9. Qxb7 0-0 10. Qb3 Qb6 11. Qxb6 axb6 12. Nf3 Nd7 13. Be2 Be6 14. 0-0 c5 15. Bb5 Rfd8 16. Bc6 Rac8 17. Bxd5 cxd4 18. Nxd4 Bxd4 19. exd4 Rxc3 20. Bxe6 Rc2 21. Bxd7 Rxd7 22. Rfc1 Rdc7 23. Rxc2 Rxc2 24. b3 Kf8 25. Kf1 Ke7 26. a4 Rd2 27. Re1+ Kd6 28. Re8 Rxd4 29. Ke2 Kc5 30. Re5+ Kd6 31. Rb5 Kc6 32. Ke3 Rd1 33. h4 Rc1 34. g4 Rc3+ 35. Ke4 h5 36. f3 g6 37. gxh5 gxh5 38. Kf4 f6 39. Rb4 Kc5 40. Rb5+ Kc6 41. Ke4 f5+ 42. Kf4 Rd3 43. Rb4 Kc5 44. Rb5+ Kc6 45. Kxf5 Rxf3+ 46. Kg5 Rc3 47. Kxh5 Rg3 48. Kh6 Rg4 49. h5 Rg3 50. Kh7 Rg4 51. h6 Rg3 52. Kh8 Rg6 53. h7 Rg3 54. Rb4 Kc5 55. Rc4+ Kd6 56. b4 Kd5 57. Rf4 Rg6 58. Rf7 Kc4 59. Rg7 Rh6 60. Kg8 Kxb4 61. Rg4+ 1-0

[Event "Montevideo Duchamp Cup 7th"]
[Site "Montevideo"]
[Date "2024.02.01"]
[Round "1"]
[White "Saralegui Cassan, Mario"]
[Black "Pelaez, Diego"]
[Result "1/2-1/2"]
[WhiteElo "1994"]
[BlackElo "1582"]
[PlyCount "94"]
[EventDate "2024.02.01"]
[EventType "swiss"]
[EventRounds "9"]
[EventCountry "URU"]
[SourceTitle "CB07_2024"]
[SourceDate "2024.02.14"]
[SourceVersion "1"]
[SourceVersionDate "2024.02.14"]
[SourceQuality "1"]

1. d4 Nf6 2. Nf3 d5 3. c4 c6 4. Nc3 g6 5. h3 Bg7 6. Bf4 0-0 7. e3 Qa5 8. Bd3 dxc4 9. Bxc4 Ne4 10. Rc1 Na6 11. 0-0 Nxc3 12. bxc3 Nc7 13. e4 b5 14. Bb3 Bb7 15. Qe2 Rad8 16. Rfd1 Qb6 17. Rb1 a5 18. c4 Ne6 19. Be3 Nxd4 20. Nxd4 Bxd4 21. Bh6 Bg7 22. Bxg7 Kxg7 23. Qb2+ f6 24. cxb5 cxb5 25. Qe2 e5 26. Bd5 b4 27. Rbc1 Bxd5 28. exd5 Rd6 29. Rd2 Rfd8 30. Qc4 Qb7 31. Rcd1 f5 32. Kh2 Rc8 33. Qe2 e4 34. Qe3 Qf7 35. Qd4+ Kf8 36. Qh8+ Qg8 37. Qe5 Rcd8 38. Rc1 Qg7 39. Qf4 Qf7 40. Qh6+ Ke8 41. Qf4 Rxd5 42. Rc7 Qxc7 43. Qxc7 Rxd2 44. Qxa5 Rxf2 45. Qe5+ Kf7 46. Qc7+ Ke8 47. Qe5+ Kf7 1/2-1/2

[Event "URU-chT3"]
[Site "Montevideo"]
[Date "2023.07.23"]
[Round "4.2"]
[White "Pelaez, Diego"]
[Black "Sena, Andres"]
[Result "1-0"]
[WhiteElo "1573"]
[BlackElo "2039"]
[PlyCount "84"]
[EventDate "2023.07.21"]
[EventType "swiss"]
[EventRounds "5"]
[EventCountry "URU"]
[SourceTitle "EXT 2024"]
[Source "ChessBase"]
[SourceDate "2023.10.10"]
[SourceVersion "1"]
[SourceVersionDate "2023.10.10"]
[SourceQuality "1"]
[WhiteTeam "Trebejos Cinco Vejos"]
[BlackTeam "Mijail Tal II"]
[WhiteTeamCountry "URU"]
[BlackTeamCountry "URU"]

1. d4 Nf6 2. c4 e5 3. dxe5 Ne4 4. Nf3 d6 5. Bf4 Nc6 6. exd6 cxd6 7. Nbd2 Nc5 8. a3 Qe7 9. e3 a5 10. Be2 g6 11. Nb3 Be6 12. Nbd4 Rd8 13. Nxc6 bxc6 14. b4 axb4 15. axb4 Ne4 16. Qc2 Bg7 17. Ra3 d5 18. c5 Qb7 19. b5 cxb5 20. Nd4 0-0 21. Nxb5 Qc6 22. 0-0 Qxc5 23. Qxc5 Nxc5 24. Bd6 Rc8 25. Bxf8 Bxf8 26. Nd4 Ne4 27. Ra6 Nc3 28. Bd3 Re8 29. Rc1 Ne4 30. Bxe4 dxe4 31. Nxe6 Rxe6 32. Rxe6 fxe6 33. Rc7 Bg7 34. Kf1 h5 35. Rc4 Kf7 36. Rxe4 Ke7 37. Ke2 Kd6 38. g4 Kd5 39. f3 Bc3 40. gxh5 gxh5 41. Ra4 h4 42. Kd3 Bf6 1-0

[Event "URU-chT3"]
[Site "Montevideo"]
[Date "2023.07.21"]
[Round "1.2"]
[White "Lemos, Juan"]
[Black "Pelaez, Diego"]
[Result "0-1"]
[WhiteElo "1502"]
[BlackElo "1573"]
[PlyCount "68"]
[EventDate "2023.07.21"]
[EventType "swiss"]
[EventRounds "5"]
[EventCountry "URU"]
[SourceTitle "EXT 2024"]
[Source "ChessBase"]
[SourceDate "2023.10.10"]
[SourceVersion "1"]
[SourceVersionDate "2023.10.10"]
[SourceQuality "1"]
[WhiteTeam "Stockduck"]
[BlackTeam "Trebejos Cinco Vejos"]
[WhiteTeamCountry "URU"]
[BlackTeamCountry "URU"]

1. d4 Nf6 2. Bg5 e6 3. e4 Be7 4. e5 Nd5 5. Bxe7 Qxe7 6. Qd2 0-0 7. c4 Nb6 8. Nf3 d6 9. Nc3 a6 10. 0-0-0 N6d7 11. Bd3 f5 12. Rde1 dxe5 13. Nxe5 Nxe5 14. dxe5 Nc6 15. f4 b6 16. h4 Bb7 17. Rh2 Rad8 18. a3 Na5 19. Qe3 Nb3+ 20. Kc2 Nd4+ 21. Kb1 c5 22. Qh3 Bc6 23. g4 Nf3 24. Re3 Nxh2 25. Qxh2 fxg4 26. h5 Rd4 27. Ne2 Rxd3 28. Rxd3 Be4 29. Kc2 Rd8 30. Nc1 Qf7 31. Kb3 Bxd3 32. Nxd3 Qf5 33. Nf2 Rd4 34. Qg3 Rxf4 0-1

[Event "URU-ch sf2"]
[Site "Colonia del Sacramento"]
[Date "2023.02.18"]
[Round "3"]
[White "Pelaez, Diego"]
[Black "De Leon, Jeronimo"]
[Result "1-0"]
[WhiteElo "1560"]
[BlackElo "1459"]
[PlyCount "65"]
[EventDate "2023.02.17"]
[EventType "swiss"]
[EventRounds "7"]
[EventCountry "URU"]
[SourceTitle "CBM 213 Extra"]
[Source "ChessBase"]
[SourceDate "2023.05.31"]
[SourceVersion "1"]
[SourceVersionDate "2023.05.31"]
[SourceQuality "1"]

1. d4 Nf6 2. c4 e6 3. Nc3 Bb4 4. e3 c5 5. Bd3 cxd4 6. exd4 d5 7. c5 Nc6 8. Nge2 0-0 9. 0-0 Bxc3 10. Nxc3 h6 11. Be3 e5 12. Bc2 Ng4 13. h3 exd4 14. Bxd4 Nxd4 15. Qxd4 Nf6 16. Rad1 Be6 17. Bb3 Qc7 18. f4 Rfd8 19. f5 Bd7 20. Bc2 Rac8 21. b4 b6 22. Nxd5 Nxd5 23. Qxd5 Bb5 24. Qf3 Bxf1 25. Rxf1 bxc5 26. f6 Qc6 27. Qg4 g5 28. Qf5 Kf8 29. Qh7 Ke8 30. Re1+ Kd7 31. Qxf7+ Kd6 32. Qe7+ Kd5 33. Be4+ 1-0

[Event "Montevideo Duchamp Cup 6th"]
[Site "Montevideo"]
[Date "2023.02.06"]
[Round "4"]
[White "Rodriguez Farias, Victor Hugo"]
[Black "Pelaez, Diego"]
[Result "1-0"]
[WhiteElo "1838"]
[BlackElo "1560"]
[PlyCount "41"]
[EventDate "2023.02.03"]
[EventType "swiss"]
[EventRounds "9"]
[EventCountry "URU"]
[SourceTitle "CBM 212 Extra"]
[Source "ChessBase"]
[SourceDate "2023.03.31"]
[SourceVersion "1"]
[SourceVersionDate "2023.03.31"]
[SourceQuality "1"]

1. d4 Nf6 2. Nc3 d5 3. Bf4 e6 4. e3 Bd6 5. Qf3 Bxf4 6. Qxf4 Nbd7 7. Nb5 0-0 8. Qxc7 Nb6 9. Qf4 Bd7 10. Nc3 Rc8 11. Bd3 Nc4 12. Bxc4 Rxc4 13. Nf3 Qa5 14. 0-0 Bb5 15. Rfc1 Rfc8 16. Ne5 R4c7 17. g4 Ne4 18. Nxe4 dxe4 19. Qxe4 Qd2 20. c4 Qxb2 21. Rcb1 1-0

[Event "Montevideo Duchamp Cup 6th"]
[Site "Montevideo"]
[Date "2023.02.04"]
[Round "2"]
[White "Davila Brondo, Mario Eduardo"]
[Black "Pelaez, Diego"]
[Result "1-0"]
[WhiteElo "1769"]
[BlackElo "1560"]
[PlyCount "57"]
[EventDate "2023.02.03"]
[EventType "swiss"]
[EventRounds "9"]
[EventCountry "URU"]
[SourceTitle "CBM 212 Extra"]
[Source "ChessBase"]
[SourceDate "2023.03.31"]
[SourceVersion "1"]
[SourceVersionDate "2023.03.31"]
[SourceQuality "1"]

1. e4 g6 2. d4 Bg7 3. Nc3 a6 4. f4 d6 5. Nf3 Nf6 6. Bd3 0-0 7. 0-0 c5 8. dxc5 dxc5 9. Be3 Nbd7 10. Kh1 b5 11. e5 Ng4 12. Bg1 Bb7 13. Ng5 Nh6 14. Be4 Bxe4 15. Ncxe4 c4 16. Qf3 e6 17. Rad1 Qc7 18. Rd2 Nb6 19. Qh3 Nd5 20. Nxe6 fxe6 21. Qxe6+ Nf7 22. Rxd5 Rae8 23. Qxa6 Nxe5 24. Qxb5 Ng4 25. Rd7 Qb8 26. Qxc4+ Kh8 27. Ng5 h6 28. Ne6 Rc8 29. Qd3 1-0

[Event "Montevideo Trebejos 50 Anniv op"]
[Site "Montevideo"]
[Date "2022.09.17"]
[Round "1"]
[White "Arias Bouzada, Jorge"]
[Black "Pelaez, Diego"]
[Result "1-0"]
[WhiteElo "2051"]
[BlackElo "1546"]
[PlyCount "81"]
[EventDate "2022.09.17"]
[EventType "swiss"]
[EventRounds "9"]
[EventCountry "URU"]
[SourceTitle "EXT 2023"]
[Source "ChessBase"]
[SourceDate "2022.10.05"]
[SourceVersion "1"]
[SourceVersionDate "2022.10.05"]
[SourceQuality "1"]

1. c4 e5 2. Nc3 Nc6 3. g3 f5 4. Bg2 Nf6 5. e3 Bb4 6. Nge2 0-0 7. 0-0 a6 8. a3 Ba5 9. b4 Bb6 10. c5 Ba7 11. d4 d6 12. Qb3+ Kh8 13. Rd1 e4 14. a4 d5 15. b5 Ne7 16. Bd2 c6 17. f3 Qe8 18. fxe4 fxe4 19. Rf1 Ng6 20. Rab1 Be6 21. bxa6 bxa6 22. Na2 Rb8 23. Qc2 Rxb1 24. Qxb1 Qd7 25. Nb4 Bg4 26. Nf4 Nxf4 27. Rxf4 Rb8 28. Qf1 a5 29. Na6 Rb3 30. h3 Be6 31. g4 h6 32. Bxa5 Rxe3 33. Bc7 Nh7 34. Be5 Ng5 35. Nc7 Bg8 36. Rf8 Nf7 37. Qf5 Nxe5 38. Qxe5 Kh7 39. Re8 Qf7 40. Re7 Qg6 41. Ne8 1-0

[Event "Montevideo Miercoles Trebejos 2nd"]
[Site "Montevideo"]
[Date "2022.08.17"]
[Round "5"]
[White "Romero, Juan Ignacio"]
[Black "Pelaez, Diego"]
[Result "1-0"]
[WhiteElo "1716"]
[BlackElo "1560"]
[PlyCount "40"]
[EventDate "2022.07.20"]
[EventType "swiss"]
[EventRounds "6"]
[EventCountry "URU"]
[SourceTitle "EXT 2024"]
[Source "ChessBase"]
[SourceDate "2023.10.10"]
[SourceVersion "1"]
[SourceVersionDate "2023.10.10"]
[SourceQuality "1"]

1. e4 g6 2. d4 Bg7 3. Nc3 a6 4. h4 h6 5. Bc4 b5 6. Bd5 c6 7. Bb3 d6 8. h5 g5 9. f4 gxf4 10. Bxf4 Nf6 11. e5 Bg4 12. Qd2 Nxh5 13. exd6 exd6 14. Ne4 d5 15. Nd6+ Kf8 16. Ne2 Qe7 17. 0-0 Nd7 18. Rae1 f5 19. Ng3 Qh4 20. Ngxf5 Bxf5 1-0

[Event "Montevideo Miercoles Trebejos 2nd"]
[Site "Montevideo"]
[Date "2022.07.20"]
[Round "1"]
[White "Montoli, Sebastian"]
[Black "Pelaez, Diego"]
[Result "0-1"]
[WhiteElo "1857"]
[BlackElo "1560"]
[PlyCount "86"]
[EventDate "2022.07.20"]
[EventType "swiss"]
[EventRounds "6"]
[EventCountry "URU"]
[SourceTitle "EXT 2024"]
[Source "ChessBase"]
[SourceDate "2023.10.10"]
[SourceVersion "1"]
[SourceVersionDate "2023.10.10"]
[SourceQuality "1"]

1. e4 g6 2. d4 Bg7 3. Nf3 d6 4. Nc3 a6 5. Be3 Nf6 6. h3 0-0 7. Qd2 b5 8. Bd3 Bb7 9. a3 Nbd7 10. Bh6 c5 11. Bxg7 Kxg7 12. Qe3 Qb6 13. dxc5 Qxc5 14. Qxc5 Nxc5 15. Nd2 e5 16. f3 Nh5 17. Ne2 Rac8 18. g4 Nf6 19. Nc3 Nxd3+ 20. cxd3 Nd7 21. Ke2 Nb6 22. Nb3 Rc7 23. Na5 Ba8 24. Kd2 Rfc8 25. Rac1 f6 26. b3 Kf7 27. Na2 d5 28. Nb4 dxe4 29. fxe4 Rd7 30. Rxc8 Nxc8 31. Rc1 Ne7 32. Ke3 f5 33. gxf5 gxf5 34. Rf1 f4+ 35. Kd2 Bxe4 36. Rc1 Ba8 37. Ke2 Nf5 38. Nxa6 f3+ 39. Kd2 e4 40. Rc7 e3+ 41. Ke1 f2+ 42. Ke2 Rxc7 43. Nxc7 Bg2 0-1

[Event "Montevideo Trebejos op 03"]
[Site "Montevideo"]
[Date "2022.03.25"]
[Round "6"]
[White "Pelaez, Diego"]
[Black "Tafernaberry, Hermes"]
[Result "0-1"]
[WhiteElo "1565"]
[BlackElo "1914"]
[PlyCount "118"]
[EventDate "2022.03.07"]
[EventType "swiss"]
[EventRounds "6"]
[EventCountry "URU"]
[SourceTitle "EXT 2023"]
[Source "ChessBase"]
[SourceDate "2022.10.05"]
[SourceVersion "1"]
[SourceVersionDate "2022.10.05"]
[SourceQuality "1"]

1. d4 e6 2. c4 Nf6 3. Nf3 b6 4. g3 Bb7 5. Bg2 h5 6. Bg5 Be7 7. 0-0 d6 8. Nc3 Nbd7 9. Re1 Nh7 10. Bxe7 Qxe7 11. e4 g5 12. Nb5 Kd8 13. e5 h4 14. exd6 cxd6 15. d5 e5 16. Nfd4 Qf6 17. Nc6+ Kc8 18. Bh3 hxg3 19. Bxd7+ Kxd7 20. Qg4+ Ke8 21. fxg3 Bc8 22. Qe2 Kd7 23. Qg4+ Ke8 24. Nc7+ Kf8 25. Qh5 Kg7 26. Rf1 Bf5 27. Qf3 Bh3 28. Rf2 Rac8 29. Qh5 Qg6 30. Qxh3 Rxc7 31. g4 Nf6 32. Qg2 Qe4 33. Qxe4 Nxe4 34. Rf3 Nd2 35. Rf5 Kg6 36. b3 Rh4 37. h3 Rxh3 38. Kg2 Rh4 39. Kg3 Ne4+ 40. Kf3 Nf6 41. Nxe5+ dxe5 42. Rxe5 Nxg4 43. Re2 f6 44. Re6 Ne5+ 45. Ke3 g4 46. Rf1 Rf7 47. Kf4 Rh3 48. Rg1 Rf3+ 49. Ke4 Kg5 50. d6 Rd7 51. Rd1 Nf7 52. Kd5 Ne5 53. Rxe5+ fxe5 54. Ke6 Rd8 55. d7 e4 56. Rd5+ Kg6 57. Rd4 Rff8 58. Rd6 Rf6+ 59. Ke7 Rxd6 0-1

[Event "Montevideo Duchamp Cup 5th"]
[Site "Montevideo"]
[Date "2022.02.13"]
[Round "3"]
[White "Pelaez, Diego"]
[Black "Rodriguez Buela, Martin"]
[Result "0-1"]
[WhiteElo "1575"]
[BlackElo "1796"]
[PlyCount "74"]
[EventDate "2022.02.12"]
[EventType "swiss"]
[EventRounds "9"]
[EventCountry "URU"]
[SourceTitle "CBM 206 Extra"]
[Source "ChessBase"]
[SourceDate "2022.03.31"]
[SourceVersion "1"]
[SourceVersionDate "2022.03.31"]
[SourceQuality "1"]

1. d4 e6 2. c4 f5 3. Nf3 Nf6 4. Nc3 Bb4 5. Bg5 b6 6. a3 Bxc3+ 7. bxc3 Bb7 8. e3 0-0 9. Be2 h6 10. Bh4 d6 11. 0-0 g5 12. Bg3 Ne4 13. Qc2 Nd7 14. h4 g4 15. Ne1 e5 16. d5 Ndc5 17. Nd3 Nxg3 18. fxg3 Ne4 19. Kh2 Bc8 20. Nb4 h5 21. Bd3 Nxg3 22. Kxg3 f4+ 23. exf4 exf4+ 24. Rxf4 Rxf4 25. Bh7+ Kh8 26. Kxf4 Qf6+ 27. Kg3 Qe5+ 28. Kf2 g3+ 29. Kg1 Qe3+ 30. Kh1 Qf4 31. Be4 Qxh4+ 32. Kg1 Qh2+ 33. Kf1 Bg4 34. Ke1 Qg1+ 35. Kd2 Qxa1 36. Nc6 Rf8 37. Nd4 Rf2+ 0-1

[Event "Montevideo Crysol op 4th"]
[Site "Montevideo"]
[Date "2021.11.13"]
[Round "2"]
[White "Pelaez, Diego"]
[Black "Dominguez, Facundo"]
[Result "0-1"]
[WhiteElo "1607"]
[BlackElo "2166"]
[PlyCount "62"]
[EventDate "2021.11.12"]
[EventType "swiss"]
[EventRounds "5"]
[EventCountry "URU"]
[SourceTitle "CBM 205 Extra"]
[Source "ChessBase"]
[SourceDate "2022.01.31"]
[SourceVersion "1"]
[SourceVersionDate "2022.01.31"]
[SourceQuality "1"]

1. d4 Nf6 2. c4 e6 3. Nc3 Bb4 4. Qc2 d5 5. cxd5 Qxd5 6. Nf3 0-0 7. Bd2 Bxc3 8. bxc3 c5 9. c4 Qe4 10. Qxe4 Nxe4 11. e3 Nc6 12. Bd3 Nxd2 13. Kxd2 cxd4 14. exd4 b6 15. Kc3 Ba6 16. Be4 Rac8 17. Bxc6 Rxc6 18. Rhc1 Rxc4+ 19. Kb3 Rfc8 20. Rxc4 Bxc4+ 21. Kb2 Bd5 22. Ne1 Rc4 23. Rd1 Kf8 24. f3 Ke7 25. Nc2 Kd6 26. Ne3 Rb4+ 27. Ka3 a5 28. f4 b5 29. Nxd5 Kxd5 30. g3 Rxd4 31. Re1 Rd3+ 0-1

[Event "URU-chT Clubs"]
[Site "Punta del Este"]
[Date "2021.10.31"]
[Round "4.3"]
[White "Lanzilotta, Filippo"]
[Black "Pelaez, Diego"]
[Result "0-1"]
[WhiteElo "1187"]
[BlackElo "1607"]
[PlyCount "98"]
[EventDate "2021.10.29"]
[EventType "team-swiss"]
[EventRounds "5"]
[EventCountry "URU"]
[SourceTitle "CBM 205 Extra"]
[Source "ChessBase"]
[SourceDate "2022.01.31"]
[SourceVersion "1"]
[SourceVersionDate "2022.01.31"]
[SourceQuality "1"]
[WhiteTeam "Montevideo Trebejos"]
[BlackTeam "Rivera"]
[WhiteTeamCountry "URU"]
[BlackTeamCountry "URU"]

1. e4 g6 2. Nf3 Bg7 3. d4 d6 4. Bc4 e6 5. 0-0 Ne7 6. Re1 0-0 7. c3 Nd7 8. Bg5 h6 9. Bxe7 Qxe7 10. Nbd2 b6 11. Bd3 Bb7 12. e5 dxe5 13. Nxe5 Nxe5 14. dxe5 Rad8 15. Qc2 Qg5 16. Ne4 Bxe4 17. Rxe4 Bxe5 18. h4 Qf6 19. Rg4 h5 20. Rg5 Bf4 21. Re1 Bxg5 22. hxg5 Qxg5 23. Re3 h4 24. Rh3 Kg7 25. g3 Rh8 26. Qe2 hxg3 27. Rxg3 Qc1+ 28. Qf1 Qxf1+ 29. Kxf1 c5 30. Ke2 Rd5 31. Bc4 Re5+ 32. Re3 Rxe3+ 33. Kxe3 Rh4 34. b3 e5 35. Bd5 f5 36. f3 Kf6 37. a3 Rh1 38. b4 Ra1 39. Kd3 cxb4 40. axb4 b5 41. c4 Ra3+ 42. Kc2 bxc4 43. Kb2 Rb3+ 44. Kc2 Rxb4 45. Kc3 a5 46. Bxc4 Rxc4+ 47. Kxc4 Kg5 48. Kb5 Kf4 49. Kxa5 Kxf3 0-1

[Event "Montevideo Contra el Bicho op"]
[Site "Montevideo"]
[Date "2020.09.11"]
[Round "5"]
[White "Pelaez, Diego"]
[Black "Muniz, Facundo"]
[Result "1-0"]
[WhiteElo "1610"]
[BlackElo "1212"]
[PlyCount "63"]
[EventDate "2020.08.28"]
[EventType "swiss"]
[EventRounds "6"]
[EventCountry "URU"]
[SourceTitle "EXT 2021"]
[Source "ChessBase"]
[SourceDate "2020.10.23"]
[SourceVersion "1"]
[SourceVersionDate "2020.10.23"]
[SourceQuality "1"]

1. d4 Nf6 2. c4 e6 3. Nc3 d5 4. cxd5 exd5 5. Bg5 Be7 6. e3 c6 7. Bd3 0-0 8. Nge2 Be6 9. 0-0 Nbd7 10. Qc2 Rc8 11. Nf4 h6 12. Nxe6 fxe6 13. Bh4 Ne4 14. Bxe7 Qxe7 15. Bxe4 dxe4 16. Nxe4 Nf6 17. Nc5 b6 18. Nd3 Nd5 19. Ne5 Qg5 20. Rac1 h5 21. Qb3 h4 22. h3 Kh8 23. Rxc6 Rxc6 24. Nxc6 Rf3 25. Ne5 Rxh3 26. Nf7+ Kg8 27. Nxg5 Rxe3 28. fxe3 a6 29. Qc2 Nf6 30. Rxf6 gxf6 31. Qh7+ Kf8 32. Qf7# 1-0